As Onze Cores - Statistics

Estatísticas Gerais
  • Esse quiz foi jogado 26 902 vezes
  • A pontuação média é 10 de 11
Estatísticas das Respostas
Cor % Correto
Azul
100%
Amarelo
99%
Preto
98%
Verde
98%
Vermelho
98%
Branco
96%
Roxo
95%
Rosa
92%
Laranja
88%
Cinza
80%
Marrom
80%
Nenhum quiz correspondente encontrado
Distribuição das Pontuações
Porcentagem de Pessoas com Cada Pontuação
Percentil de Números Respondidos
Sua Pontuação Histórica
Você não jogou esse quiz